000 00433nam a2200133Ia 4500
008 100328s9999 xx 000 0 und d
082 _b29287
100 _aआपटे ह.ना.
245 _aरुपनगरची राजकन्या
260 _bआर्यभूषण
630 _aरुपनगरची राजकन्या
730 _aरुपनगरची राजकन्या
942 _cBOOK
999 _c520329
_d520326